Economie et environnement: vers un développement durable.

Orientácia ekonomiky na životné prostredie. Princíp zachovania zdrojov. Treba odmietať zásadu, že ekonomika a ekológia sú dve odlišné podstaty. Je ťažké odhadovať škody. Náklady a výnosy zo zlepšovania ekológie. Prečo sa ničí životné prostredie? Ciele znižovania CO2. Smerovanie k politike rešpektujú...

Ausführliche Beschreibung

Gespeichert in:
Bibliographische Detailangaben
1. Verfasser: Pearce, D.
Format: Buchkapitel
Sprache:Französisch
Schlagworte:
Tags: Tag hinzufügen
Keine Tags, Fügen Sie das erste Tag hinzu!

MARC

LEADER 00000naa a2200000 4500
001 r009205
005 20220913124938.0
041 0 |a fre 
044 |a FR 
245 1 0 |a Economie et environnement: vers un développement durable.  |c D. Pearce 
520 |a Orientácia ekonomiky na životné prostredie. Princíp zachovania zdrojov. Treba odmietať zásadu, že ekonomika a ekológia sú dve odlišné podstaty. Je ťažké odhadovať škody. Náklady a výnosy zo zlepšovania ekológie. Prečo sa ničí životné prostredie? Ciele znižovania CO2. Smerovanie k politike rešpektujúcej ekológiu. (The Royal Bank of Scotland Review 1991, č.172). 
610 2 0 |a prostredie životné 
610 2 0 |a ekológia 
610 2 0 |a ochrana prostredia životného 
610 2 0 |a znečistenie ovzdušia 
610 2 0 |a politika hospodárska 
100 1 |a Pearce, D.